Sarvodayanī saravāṇī. (Record no. 63996)

MARC details
000 -LEADER
fixed length control field 00697cam a22002531 4500
001 - CONTROL NUMBER
control field sa 65004895
003 - CONTROL NUMBER IDENTIFIER
control field DLC
005 - DATE AND TIME OF LATEST TRANSACTION
control field 20260227112133.0
008 - FIXED-LENGTH DATA ELEMENTS--GENERAL INFORMATION
fixed length control field 890707s1963 ii 000 0 gujo
010 ## - LIBRARY OF CONGRESS CONTROL NUMBER
LC control number sa 65004895
025 ## - OVERSEAS ACQUISITION NUMBER
Overseas acquisition number PL480:I-Gu-432
035 ## - SYSTEM CONTROL NUMBER
System control number (OCoLC)19980169
040 ## - CATALOGING SOURCE
Original cataloging agency DLC
Transcribing agency WaU
Modifying agency TxU
-- DLC
042 ## - AUTHENTICATION CODE
Authentication code premarc
043 ## - GEOGRAPHIC AREA CODE
Geographic area code a-ii---
050 00 - LIBRARY OF CONGRESS CALL NUMBER
Classification number HN687
Item number .V9
100 1# - MAIN ENTRY--PERSONAL NAME
Personal name Vyāsa, Raviśaṅkara Sivaśaṅkara,
Dates associated with a name 1884-
245 10 - TITLE STATEMENT
Title Sarvodayanī saravāṇī.
250 ## - EDITION STATEMENT
Edition statement 2. ājatti.
260 ## - PUBLICATION, DISTRIBUTION, ETC.
Place of publication, distribution, etc. Āmadāvada :
Name of publisher, distributor, etc. Bālagoviṃda kuberadāshanī kaṃpanī,
Date of publication, distribution, etc. 1963
300 ## - PHYSICAL DESCRIPTION
Extent 6, 88 p.
Dimensions 19 cm.
500 ## - GENERAL NOTE
General note In Gujarati.
651 #0 - SUBJECT ADDED ENTRY--GEOGRAPHIC NAME
Geographic name India
General subdivision Social conditions.

No items available.

Powered by Koha